[Event "The Fifth Jerusalem Open"]
[Site "SchemingMind.com"]
[Date "2010.04.30"]
[Round "-"]
[White "fervac"]
[Black "reptile"]
[Result "0-1"]
[WhiteCountry "NCA"]
[BlackCountry "ISR"]
[WhiteElo "1952"]
[WhiteRD "92"]
[BlackElo "2034"]
[BlackRD "84"]
[GameID "246978"]

1. d4 Nf6 2. c4 e6 3. Nf3 b6 4. g3 Ba6 5. b3 Bb4+ 6. Bd2 Be7 7. Bg2 c6 8. O-O d5 9. Ne5 O-O 10. Bf4 Nfd7
11. cxd5 cxd5 12. Nd2 Nxe5 13. Bxe5 Nc6 14. Nf3 Nxe5 15. Nxe5 Rc8 16. Rc1 Rxc1 17. Qxc1 Bxe2 18. Re1 Ba6 19. Nc6 Qd7 20. Nxe7+ Qxe7
21. Bxd5 Rd8 22. Bc4 Bb7 23. Qe3 Qd7 24. Rd1 Qd6 25. Rd3 b5 26. Kf1 bxc4 27. bxc4 h6 28. Ke1 Qc6 29. Rc3 Ba6 30. c5 Qh1+
31. Kd2 Qa1 32. c6 Qxa2+ 33. Rc2 Qa4 34. c7 Rxd4+
0-1

[Event "The Fifth Jerusalem Open"]
[Site "SchemingMind.com"]
[Date "2010.04.30"]
[Round "-"]
[White "reptile"]
[Black "fervac"]
[Result "1/2-1/2"]
[WhiteCountry "ISR"]
[BlackCountry "NCA"]
[WhiteElo "2051"]
[WhiteRD "79"]
[BlackElo "1969"]
[BlackRD "86"]
[GameID "246979"]

1. e4 c5 2. Nf3 d6 3. d4 cxd4 4. Nxd4 Nf6 5. Nc3 a6 6. Be3 e6 7. Be2 Nbd7 8. O-O Qc7 9. a4 b6 10. Bd3 Bb7
11. f4 Be7 12. a5 b5 13. Re1 O-O 14. Bd2 Rac8 15. b4 Rfd8 16. Kh1 h5 17. Rb1 Qb8 18. Qf3 Qa7 19. Be3 Qa8 20. Bd2= Nf8
21. Qg3 h4 22. Qh3 Rd7 23. Nf3 Rdc7 24. Rb3 d5 25. exd5 Nxd5 26. Nxd5 Bxd5 27. Rbb1 Bf6 28. Ne5= Rxc2 29. Bxc2 Rxc2 30. Re2 Bc4
31. Rf2 Qd5 32. Rd1 Be7 33. Qf3 Bxb4 34. Nxc4 bxc4 35. Qxd5 exd5 36. Be3 Rc3 37. Bb6 Ra3 38. Rff1 Bxa5 39. Bf2 Ng6 40. Bc5 Ra2
41. Rxd5 f6 42. g4 Bd2 43. g5 Bxf4 44. gxf6 gxf6 45. Bd6 Bg5 46. Rc5= Ra4 47. Rc7 h3 48. Rb1 Nf8 49. Kg1 Ra5 50. Bxf8 c3
51. Bd6=
1/2-1/2

[Event "The Fifth Jerusalem Open"]
[Site "SchemingMind.com"]
[Date "2010.05.09"]
[Round "-"]
[White "_keyes"]
[Black "reptile"]
[Result "0-1"]
[WhiteCountry "ENG"]
[BlackCountry "ISR"]
[WhiteElo "1930"]
[WhiteRD "81"]
[BlackElo "2051"]
[BlackRD "79"]
[GameID "247789"]

1. d4 e5 2. dxe5 Nc6 3. Nf3 d6 4. exd6 Bxd6 5. g3 Nf6 6. Bg2 O-O 7. O-O Re8 8. Bg5 h6 9. Bxf6 Qxf6 10. c3 Bg4
11. Nbd2 Rad8 12. Re1 Bc5 13. Qc2 Ne5 14. Ne4 Qg6 15. Nh4 Qh7 16. Rac1 Be7 17. Nf3 Nxf3+ 18. Bxf3 Bxf3 19. exf3 Qf5 20. Kg2 h5
21. Rcd1 h4 22. h3 Rxd1 23. Rxd1 Qg6 24. Qa4 f5 25. Nd2 hxg3 26. fxg3 Bd6 27. Qc4+ Kf8 28. g4 Qh6 29. Nf1 Qh4 30. Qd3 g6
31. gxf5 Qg5+ 32. Kh1 gxf5 33. Qd2 Qh5 34. Qg2 Kf7 35. Nd2 Rg8 36. Qf1 Rg3 37. Re1 Rxh3+
0-1

[Event "The Fifth Jerusalem Open"]
[Site "SchemingMind.com"]
[Date "2010.05.09"]
[Round "-"]
[White "_keyes"]
[Black "fervac"]
[Result "1-0"]
[WhiteCountry "ENG"]
[BlackCountry "NCA"]
[WhiteElo "1980"]
[WhiteRD "92"]
[BlackElo "1939"]
[BlackRD "86"]
[GameID "247790"]

1. d4 Nf6 2. c4 c5 3. d5 b5 4. cxb5 a6 5. bxa6 Bxa6 6. Nc3 d6 7. Nf3 g6 8. g3 Bg7 9. Bg2 O-O 10. O-O Nbd7
11. Re1 Qb6 12. h3 Rfb8 13. e4 Qb4 14. a3 Qb3 15. Qxb3 Rxb3 16. Nd2 Rb7 17. f4 Nb6 18. Bf1 Bxf1 19. Kxf1 Na4 20. Nxa4 Rxa4
21. Ra2 Nh5 22. Kg2 c4 23. e5 Bf8 24. exd6 exd6 25. Re8 Nf6 26. Rd8 Kg7 27. Rc8 Nxd5 28. Kf2 Nb6 29. Rc6 d5 30. Nf3 Nd7
31. Be3 Be7 32. Bd4+ Bf6 33. Ne5 Ra8 34. Rd6 Nf8 35. Rxd5 Ne6 36. Bc3 Rc8 37. a4 Nc5 38. Kf3 Rb3 39. Kg2 Ne4 40. Bd4 Rxg3+
41. Kh2 Rd3 42. Nxd3 cxd3 43. Bxf6+ Kxf6 44. Rxd3 Rc2+ 45. Kg1 Kf5 46. Rf3 h5 47. Ra1 Rxb2 48. a5 Nd2 49. Rf2 Ke4 50. a6 Nf3+
51. Rxf3 Kxf3 52. a7
1-0

[Event "The Fifth Jerusalem Open"]
[Site "SchemingMind.com"]
[Date "2010.05.09"]
[Round "-"]
[White "reptile"]
[Black "_keyes"]
[Result "1-0"]
[WhiteCountry "ISR"]
[BlackCountry "ENG"]
[WhiteElo "2051"]
[WhiteRD "79"]
[BlackElo "1930"]
[BlackRD "81"]
[GameID "247791"]

1. e4 c5 2. Nf3 d6 3. d4 cxd4 4. Nxd4 Nf6 5. Nc3 a6 6. a4 e5 7. Nb3 Be6 8. Be3 Be7 9. Be2 Nbd7 10. f4 Rc8
11. O-O O-O 12. Qd2 exf4 13. Bxf4 Bxb3 14. cxb3 Qb6+ 15. Be3 Qxb3 16. a5 Qe6 17. Qd4 Ne5 18. Ra4 Rfd8 19. Rd1 d5 20. exd5 Nxd5
21. Nxd5 Bc5 22. Qe4 Rxd5 23. Qxd5 Bxe3+ 24. Kh1 Qxd5 25. Rxd5 f6 26. Rb4 Nc6 27. Rxb7 Nxa5 28. Re7 Bc5 29. Red7 Bb6 30. Bxa6 Rc1+
31. Rd1 Rc2 32. Re1 Bc5 33. Re8+ Bf8 34. h4 Nc6 35. Rc7
1-0

[Event "The Fifth Jerusalem Open"]
[Site "SchemingMind.com"]
[Date "2010.05.09"]
[Round "-"]
[White "fervac"]
[Black "_keyes"]
[Result "1-0"]
[WhiteCountry "NCA"]
[BlackCountry "ENG"]
[WhiteElo "1951"]
[WhiteRD "84"]
[BlackElo "1965"]
[BlackRD "88"]
[GameID "247792"]

1. d4 Nf6 2. c4 e6 3. Nf3 b6 4. g3 Bb7 5. Bg2 Bb4+ 6. Bd2 Bxd2+ 7. Qxd2 O-O 8. Nc3 d5 9. O-O dxc4 10. Ne5 Bxg2
11. Kxg2 c5 12. Rfd1 cxd4 13. Qxd4 Qxd4 14. Rxd4 Rc8 15. Rad1 Na6 16. Nxc4 Nc7 17. e4 b5 18. Nd6 Rcb8 19. a3 a5 20. Ndxb5 Nxb5
21. Nxb5 g6 22. a4 Rc8 23. Nc3 Rab8 24. e5 Ne8 25. Nb5 Kg7 26. R1d2 Rc5 27. f4 Nc7 28. Nxc7 Rxc7 29. Kh3 Rcb7 30. Rd7 Rxd7
31. Rxd7 Rxb2 32. Ra7 Ra2 33. Rxa5 h6 34. Ra8 g5 35. a5 gxf4 36. gxf4 Kg6 37. Ra7 h5 38. a6 f5 39. Ra8 Ra3+ 40. Kh4 Ra2
41. a7 Kg7 42. Kg3 Ra3+ 43. Kf2 Kh7 44. Ke2 h4 45. h3 Kg7 46. Kd2 Kh7 47. Kc2 Kg7 48. Kb2 Ra6 49. Kb3 Ra1 50. Kb4 Rb1+
51. Kc5 Ra1 52. Kb6 Rb1+ 53. Kc7 Ra1 54. Kd8 Kf7 55. Rc8 Rxa7 56. Rc7+ Rxc7 57. Kxc7
1-0

[Event "The Fifth Jerusalem Open"]
[Site "SchemingMind.com"]
[Date "2010.05.09"]
[Round "-"]
[White "emvarela"]
[Black "reptile"]
[Result "1/2-1/2"]
[WhiteCountry "ARG"]
[BlackCountry "ISR"]
[WhiteElo "1735"]
[WhiteRD "53"]
[BlackElo "2051"]
[BlackRD "79"]
[GameID "248079"]

1. d4 Nf6 2. c4 g6 3. Nc3 Bg7 4. e4 O-O 5. Nf3 d6 6. Be2 e5 7. d5 a5 8. Bg5 h6 9. Bxf6 Qxf6 10. O-O Nd7
11. a3 b6 12. Nb5 Qd8 13. b4 axb4 14. axb4 Bb7 15. Rxa8 Bxa8 16. Qa4 Bb7 17. Qa7 Qc8 18. Nd2 f5 19. f3 f4 20. g4 fxg3
21. hxg3 Nf6 22. Rc1=
1/2-1/2

[Event "The Fifth Jerusalem Open"]
[Site "SchemingMind.com"]
[Date "2010.05.09"]
[Round "-"]
[White "emvarela"]
[Black "_keyes"]
[Result "0-1"]
[WhiteCountry "ARG"]
[BlackCountry "ENG"]
[WhiteElo "1730"]
[WhiteRD "52"]
[BlackElo "1902"]
[BlackRD "75"]
[GameID "248080"]

1. e4 c5 2. Nf3 d6 3. d4 cxd4 4. Nxd4 Nf6 5. Nc3 a6 6. Be3 e5 7. Nb3 Be7 8. Bc4 Qc7 9. Bd5 Bd7 10. Qd3 Bc6
11. Bxc6+ bxc6 12. O-O-O Nbd7 13. f4 O-O 14. f5 a5 15. h3 a4 16. Nd2 Rfc8 17. g4 d5 18. Bg5 d4 19. Ne2 Nc5 20. Qf3 Rab8
21. Nc4 Ncxe4 22. Bxf6 Nxf6 23. g5 Ne8 24. f6 gxf6 25. gxf6 Bxf6 26. Rhg1+ Bg7 27. Rxg7+ Nxg7 28. Qf6 Ne8 29. Rg1+ Kf8 30. Qh6+ Ke7
31. Rg5 f6 32. Rg8 Ke6 33. Rg5 Rb5 34. Ng3 Kd5
0-1

[Event "The Fifth Jerusalem Open"]
[Site "SchemingMind.com"]
[Date "2010.05.09"]
[Round "-"]
[White "emvarela"]
[Black "fervac"]
[Result "1-0"]
[WhiteCountry "ARG"]
[BlackCountry "NCA"]
[WhiteElo "1774"]
[WhiteRD "54"]
[BlackElo "1916"]
[BlackRD "93"]
[GameID "248081"]

1. e4 c5 2. Nf3 d6 3. d4 cxd4 4. Nxd4 Nf6 5. Nc3 a6 6. Bd3 e6 7. Be3 Be7 8. O-O O-O 9. f4 Qc7 10. Qf3 b5
11. a3 Bb7 12. g4 Rd8 13. g5 Nfd7 14. h4 Nc5 15. f5 e5 16. f6 Bf8 17. fxg7 Bxg7 18. Nf5 Ne6 19. Nd5 Bxd5 20. exd5 Nf8
21. Nxg7 Kxg7 22. Qf6+ Kg8 23. h5 Re8 24. h6 Ne6 25. Bxh7+ Kxh7 26. dxe6 Rxe6 27. Qf5+ Rg6 28. Qxf7+ Qxf7 29. Rxf7+ Kg8 30. Raf1 Nc6
31. Rc7 Nd4 32. Rff7 Ne6 33. Rcd7 Rd8 34. Rxd8+ Kxf7 35. Rd7+ Kg8 36. Rxd6 Kf7 37. Rxa6 Nxg5 38. Rxg6 Kxg6 39. Bxg5 Kxg5 40. h7 Kg6
41. h8=Q
1-0

[Event "The Fifth Jerusalem Open"]
[Site "SchemingMind.com"]
[Date "2010.05.09"]
[Round "-"]
[White "reptile"]
[Black "emvarela"]
[Result "1-0"]
[WhiteCountry "ISR"]
[BlackCountry "ARG"]
[WhiteElo "2051"]
[WhiteRD "79"]
[BlackElo "1735"]
[BlackRD "53"]
[GameID "248082"]

1. e4 e5 2. Nf3 Nc6 3. Bc4 Bc5 4. b4 Bxb4 5. c3 Be7 6. Qb3 Nh6 7. d4 exd4 8. Bxh6 O-O 9. Bf4 Na5 10. Qa4 Nxc4
11. Qxc4 dxc3 12. Nxc3 d6 13. O-O Be6 14. Nd5 Bf6 15. Rab1 Bxd5 16. Qxd5 b6 17. Rfd1 Qe7 18. Rbc1 Rfd8 19. Nd4 Bxd4 20. Rxd4 Rac8
21. h3 Qe6 22. Ra4 Qxd5 23. exd5 a5 24. Rac4 Rd7 25. a4 h6 26. Rc6
1-0

[Event "The Fifth Jerusalem Open"]
[Site "SchemingMind.com"]
[Date "2010.05.09"]
[Round "-"]
[White "_keyes"]
[Black "emvarela"]
[Result "1-0"]
[WhiteCountry "ENG"]
[BlackCountry "ARG"]
[WhiteElo "1897"]
[WhiteRD "76"]
[BlackElo "1774"]
[BlackRD "54"]
[GameID "248083"]

1. d4 Nf6 2. c4 g6 3. Nc3 Bg7 4. e4 d6 5. f3 O-O 6. Be3 Nbd7 7. Bd3 e5 8. d5 c6 9. Nge2 cxd5 10. cxd5 b6
11. O-O Nc5 12. Bc2 Ba6 13. b4 Bxe2 14. Qxe2 Nb7 15. Bd3 Nd7 16. Ba6 Qb8 17. Nb5 Rd8 18. Bxb7 Qxb7 19. Nxd6 Qb8 20. Nc4 Bf8
21. a3 Bd6 22. Rfc1 Rc8 23. Rc2 a5 24. bxa5 bxa5 25. Nxd6 Qxd6 26. Rxc8+ Rxc8 27. Qb5 Rc3 28. Bd2 Rc5 29. Qb7 Rc2 30. Qa8+ Kg7
31. Qxa5 Qb6+ 32. Qxb6 Nxb6 33. Be1 Nc4 34. a4 Ne3 35. g3 Rg2+ 36. Kh1 Re2 37. Bc3 f6 38. a5 Rc2 39. a6
1-0

[Event "The Fifth Jerusalem Open"]
[Site "SchemingMind.com"]
[Date "2010.05.10"]
[Round "-"]
[White "fervac"]
[Black "emvarela"]
[Result "1-0"]
[WhiteCountry "NCA"]
[BlackCountry "ARG"]
[WhiteElo "1940"]
[WhiteRD "89"]
[BlackElo "1783"]
[BlackRD "56"]
[GameID "248084"]

1. d4 Nf6 2. c4 g6 3. Nf3 Bg7 4. Nc3 O-O 5. Bf4 d6 6. e3 Bf5 7. h3 Nc6 8. Be2 Ne4 9. Nxe4 Bxe4 10. O-O Bxf3
11. Bxf3 Qd7 12. Qa4 Ne5 13. Qxd7 Nxd7 14. Bxb7 Rab8 15. Bc6 Nb6 16. Rac1 e5 17. dxe5 dxe5 18. Bg5 f6 19. Bh4 Rfd8 20. Rfd1 g5
21. Bg3 Rd6 22. Rxd6 cxd6 23. Rd1 Bf8 24. b3 Kf7 25. f4 gxf4 26. exf4 Rc8 27. Be4 Nd7 28. Bf5 Rc7 29. Bxd7 Rxd7 30. fxe5 fxe5
31. Bxe5 Ke6 32. Bg3 Bg7 33. Kh2 d5 34. cxd5+ Rxd5 35. Rxd5 Kxd5 36. Bf4 Ke4 37. Bb8 a6 38. Kg3 Kd3 39. Bd6 Kc3 40. b4 Kb2
41. a4 Bd4 42. b5 axb5 43. axb5 Bb6 44. Kg4 Kb3 45. Kh5 Be3 46. Bc7 Kb4 47. b6 Kb5 48. b7
1-0

[Event "The Fifth Jerusalem Open"]
[Site "SchemingMind.com"]
[Date "2010.05.10"]
[Round "-"]
[White "GMCasefoncz"]
[Black "reptile"]
[Result "0-1"]
[WhiteCountry "NCA"]
[BlackCountry "ISR"]
[WhiteElo "1610"]
[WhiteRD "82"]
[BlackElo "2024"]
[BlackRD "84"]
[GameID "248138"]

1. d4 Nf6 2. c4 e6 3. Nf3 d5 4. Bg5 Be7 5. Nc3 Nbd7 6. e3 O-O 7. Bd3 dxc4 8. Bxc4 c6 9. Qc2 Nb6 10. Bd3 h6
11. Bh4 Nbd7
0-1

[Event "The Fifth Jerusalem Open"]
[Site "SchemingMind.com"]
[Date "2010.05.10"]
[Round "-"]
[White "GMCasefoncz"]
[Black "_keyes"]
[Result "0-1"]
[WhiteCountry "NCA"]
[BlackCountry "ENG"]
[WhiteElo "1610"]
[WhiteRD "82"]
[BlackElo "1980"]
[BlackRD "92"]
[GameID "248139"]

1. d4 Nf6 2. Nf3 e6 3. g3 b6 4. c4 Bb7 5. Bg2 Bb4+ 6. Bd2 Bxd2+ 7. Nbxd2 d5 8. Ne5 c6 9. O-O O-O 10. Qc2 Na6
11. b3 Rc8 12. Rac1 c5 13. Ndf3 dxc4 14. Nxc4 b5 15. Nce5 cxd4 16. Qd3 Nb4 17. Qd2 Bxf3
0-1

[Event "The Fifth Jerusalem Open"]
[Site "SchemingMind.com"]
[Date "2010.05.10"]
[Round "-"]
[White "GMCasefoncz"]
[Black "fervac"]
[Result "0-1"]
[WhiteCountry "NCA"]
[BlackCountry "NCA"]
[WhiteElo "1610"]
[WhiteRD "82"]
[BlackElo "1939"]
[BlackRD "86"]
[GameID "248140"]

1. d4 Nf6 2. Nf3 d5 3. c4 e6 4. g3 c6 5. Bg2 Bd6 6. O-O O-O 7. c5 Bc7 8. Nc3 Nbd7 9. Qd3 e5 10. dxe5 Nxe5
11. Nxe5 Bxe5 12. Rd1 Qe7 13. b4 Bf5 14. Qxf5 Bxc3 15. h4 Bxa1 16. Bg5 Qe5 17. Qxe5 Bxe5 18. f4 Bc3
0-1

[Event "The Fifth Jerusalem Open"]
[Site "SchemingMind.com"]
[Date "2010.05.10"]
[Round "-"]
[White "GMCasefoncz"]
[Black "emvarela"]
[Result "0-1"]
[WhiteCountry "NCA"]
[BlackCountry "ARG"]
[WhiteElo "1610"]
[WhiteRD "82"]
[BlackElo "1771"]
[BlackRD "61"]
[GameID "248141"]

1. d4 Nf6 2. c4 g6 3. Nc3 Bg7 4. e4 d6 5. Nf3 Bg4 6. Be2 Bxf3 7. Bxf3 O-O 8. O-O Nbd7 9. Qc2 c5 10. d5 Ne5
11. Be2 a6 12. Bf4 Nfd7
0-1

[Event "The Fifth Jerusalem Open"]
[Site "SchemingMind.com"]
[Date "2010.05.10"]
[Round "-"]
[White "reptile"]
[Black "GMCasefoncz"]
[Result "1-0"]
[WhiteCountry "ISR"]
[BlackCountry "NCA"]
[WhiteElo "2024"]
[WhiteRD "84"]
[BlackElo "1610"]
[BlackRD "82"]
[GameID "248142"]

1. e4 e6 2. d4 d5 3. Nd2 dxe4 4. Nxe4 Nd7 5. Bd3 Ngf6 6. Bg5 Be7 7. Nf3 Nd5 8. Bxe7 Qxe7 9. Qd2 b6 10. O-O O-O
11. c3 Bb7 12. Rfe1
1-0

[Event "The Fifth Jerusalem Open"]
[Site "SchemingMind.com"]
[Date "2010.05.10"]
[Round "-"]
[White "_keyes"]
[Black "GMCasefoncz"]
[Result "1-0"]
[WhiteCountry "ENG"]
[BlackCountry "NCA"]
[WhiteElo "1980"]
[WhiteRD "92"]
[BlackElo "1610"]
[BlackRD "82"]
[GameID "248143"]

1. d4 Nf6 2. c4 e6 3. Nc3 d5 4. Bg5 Be7 5. e3 Nbd7 6. Nf3 O-O 7. Rc1 c5 8. dxc5 Nxc5 9. cxd5 exd5 10. Be2 Nfe4
11. Bxe7 Qxe7 12. Nxd5 Qd7 13. b4 Rd8 14. bxc5 Qxd5 15. Qxd5 Rxd5 16. c6 bxc6 17. Rxc6
1-0

[Event "The Fifth Jerusalem Open"]
[Site "SchemingMind.com"]
[Date "2010.05.10"]
[Round "-"]
[White "fervac"]
[Black "GMCasefoncz"]
[Result "1-0"]
[WhiteCountry "NCA"]
[BlackCountry "NCA"]
[WhiteElo "1939"]
[WhiteRD "86"]
[BlackElo "1610"]
[BlackRD "82"]
[GameID "248144"]

1. d4 d5 2. c4 e6 3. Nc3 Nf6 4. Nf3 c6 5. Bg5 dxc4 6. a4 h6 7. Bh4 Be7 8. e4 Nbd7 9. Bxc4 Nb6 10. Bd3 O-O
11. O-O Nxe4 12. Bxe7 Nxc3 13. Bxd8 Nxd1 14. Bxb6 Nxb2 15. Bc5 Nxd3 16. Bxf8 Kxf8 17. Rab1 b6 18. g3
1-0

[Event "The Fifth Jerusalem Open"]
[Site "SchemingMind.com"]
[Date "2010.05.10"]
[Round "-"]
[White "emvarela"]
[Black "GMCasefoncz"]
[Result "1-0"]
[WhiteCountry "ARG"]
[BlackCountry "NCA"]
[WhiteElo "1771"]
[WhiteRD "61"]
[BlackElo "1610"]
[BlackRD "82"]
[GameID "248145"]

1. e4 c5 2. Nf3 Nc6 3. d4 cxd4 4. Nxd4 Nf6 5. Nxc6 bxc6 6. Nc3 e5 7. Bg5 Be7 8. Bxf6 Bxf6 9. Bc4 Qb6 10. Bb3 Ba6
11. Qd6 Be7 12. Qxe5
1-0

[Event "The Fifth Jerusalem Open"]
[Site "SchemingMind.com"]
[Date "2010.05.11"]
[Round "-"]
[White "ferqwer"]
[Black "reptile"]
[Result "0-1"]
[WhiteCountry "ARG"]
[BlackCountry "ISR"]
[WhiteElo "1901"]
[WhiteRD "96"]
[BlackElo "2050"]
[BlackRD "86"]
[GameID "248328"]

1. e4 c5 2. Nf3 Nc6 3. d4 cxd4 4. Nxd4 e5 5. Nb5 d6 6. c4 Be7 7. N1c3 a6 8. Na3 Be6 9. Nc2 Bg5 10. Ne3 Nge7
11. Ned5 Bxc1 12. Rxc1 O-O 13. Be2 f5 14. O-O fxe4 15. Nxe4 Nf5 16. Bg4 Rc8 17. Bxf5 Bxf5 18. Ng3 Be6 19. a3 a5 20. Qd2 Nd4
21. Rc3 Bxd5 22. cxd5 Qd7 23. h3 Qf7 24. Rxc8 Rxc8 25. Qxa5 h6 26. Ne4 Ne2+ 27. Kh2 Qf4+ 28. g3 Qxe4 29. Qb5 Nf4 30. gxf4 Qxf4+
31. Kg1 Rf8 32. Qxb7 e4 33. Qe7 Rf6 34. Kh1 Qf3+ 35. Kh2 Rg6
0-1

[Event "The Fifth Jerusalem Open"]
[Site "SchemingMind.com"]
[Date "2010.05.16"]
[Round "-"]
[White "ferqwer"]
[Black "GMCasefoncz"]
[Result "1-0"]
[WhiteCountry "ARG"]
[BlackCountry "NCA"]
[WhiteElo "1849"]
[WhiteRD "113"]
[BlackElo "1610"]
[BlackRD "82"]
[GameID "248331"]

1. e4 e5 2. Nf3 Nc6 3. Bb5 Nf6 4. O-O Bc5 5. Nc3 Nd4 6. Nxe5 c6 7. Bc4 b5 8. Bxf7+ Kf8 9. Bh5 g6 10. Bxg6 hxg6
11. Nxg6+ Kg7 12. Nxh8
1-0

[Event "The Fifth Jerusalem Open"]
[Site "SchemingMind.com"]
[Date "2010.05.16"]
[Round "-"]
[White "ferqwer"]
[Black "emvarela"]
[Result "1-0"]
[WhiteCountry "ARG"]
[BlackCountry "ARG"]
[WhiteElo "1901"]
[WhiteRD "96"]
[BlackElo "1754"]
[BlackRD "55"]
[GameID "248332"]

1. e4 e5 2. Nf3 Nc6 3. Bb5 a6 4. Ba4 Nf6 5. c3 b5 6. Bc2 Be7 7. d4 exd4 8. cxd4 d6 9. h3 Bb7 10. a3 O-O
11. Nc3 h6 12. Bf4 Na5 13. O-O c5 14. d5 Qc7 15. e5 Nd7 16. Qd3 dxe5 17. Qh7#
1-0

[Event "The Fifth Jerusalem Open"]
[Site "SchemingMind.com"]
[Date "2010.05.16"]
[Round "-"]
[White "GMCasefoncz"]
[Black "ferqwer"]
[Result "0-1"]
[WhiteCountry "NCA"]
[BlackCountry "ARG"]
[WhiteElo "1610"]
[WhiteRD "82"]
[BlackElo "1849"]
[BlackRD "113"]
[GameID "248336"]

1. d4 c6 2. e4 e5 3. c4 Nf6 4. Nc3 Qc7 5. Bg5 Be7 6. Nf3 d6 7. Be2 Bg4 8. h3 Bh5 9. dxe5 dxe5 10. O-O Nbd7
11. b3 O-O 12. Nh4 Bxe2
0-1

[Event "The Fifth Jerusalem Open"]
[Site "SchemingMind.com"]
[Date "2010.05.12"]
[Round "-"]
[White "miriskra"]
[Black "reptile"]
[Result "1/2-1/2"]
[WhiteCountry "WLS"]
[BlackCountry "ISR"]
[WhiteElo "1839"]
[WhiteRD "79"]
[BlackElo "2051"]
[BlackRD "79"]
[GameID "248423"]

1. d4 d5 2. c4 e6 3. Nc3 c5 4. e3 Nf6 5. Nf3 Nc6 6. a3 a6 7. dxc5 Bxc5 8. b4 Bd6 9. cxd5 Nxd5 10. Nxd5 exd5
11. Bb2 O-O 12. Be2 Re8 13. O-O Be6 14. b5 Na5 15. Bd4 Nc4 16. a4 h6 17. Qb3 Qd7 18. Rfd1 Rec8 19. b6 a5 20. Rac1 Rc6
21. Qb5 Rac8 22. Bxc4 Rxc4 23. Rxc4 Rxc4 24. Qxa5 Rxa4 25. Qc3 Bf8 26. Ra1 Rc4=
1/2-1/2

[Event "The Fifth Jerusalem Open"]
[Site "SchemingMind.com"]
[Date "2010.05.17"]
[Round "-"]
[White "miriskra"]
[Black "ferqwer"]
[Result "0-1"]
[WhiteCountry "WLS"]
[BlackCountry "ARG"]
[WhiteElo "1850"]
[WhiteRD "81"]
[BlackElo "1901"]
[BlackRD "96"]
[GameID "248424"]

1. d4 Nf6 2. c4 c6 3. Nc3 d5 4. cxd5 cxd5 5. Nf3 Bg4 6. Ne5 Bf5 7. Qb3 Nc6 8. e4 Nxe4 9. Bb5 Rc8 10. Nxd5 e6
11. Ne3 Qxd4 12. Nxc6 bxc6 13. Be2 Bb4+ 14. Kf1 Bd2 15. Kg1 O-O 16. Qc4 Qf6 17. Nxf5 Qxf5 18. f3 Bxc1 19. Rxc1 Nd6 20. Qd4 Qg5
21. Re1 Nf5 22. Qxa7 Qd2 23. Kf2 c5 24. Qa3 Qd4+ 25. Kf1 Ne3+
0-1

[Event "The Fifth Jerusalem Open"]
[Site "SchemingMind.com"]
[Date "2010.05.12"]
[Round "-"]
[White "miriskra"]
[Black "_keyes"]
[Result "0-1"]
[WhiteCountry "WLS"]
[BlackCountry "ENG"]
[WhiteElo "1850"]
[WhiteRD "81"]
[BlackElo "1965"]
[BlackRD "88"]
[GameID "248425"]

1. d4 Nf6 2. c4 e6 3. Nf3 b6 4. a3 Bb7 5. Nc3 Be7 6. Bg5 h6 7. Bh4 d6 8. e3 Nbd7 9. Be2 g5 10. Bg3 c5
11. dxc5 Nxc5 12. h4 g4 13. Nh2 Bxg2 14. Rg1 Bh3 15. b4 Nce4 16. Nxe4 Nxe4 17. Bxg4 Bxg4 18. Qxg4 Nxg3 19. Rxg3 Bxh4 20. Rh3 Bg5
21. Nf3 Bf6 22. Rd1 Ke7 23. Qf4 Qc7 24. Nd2 Bg5 25. Qe4 f5 26. Qh1 Rag8 27. f4 Bf6 28. Kf2 Kd7 29. Rxh6 Rxh6 30. Qxh6 Be7
31. Qh7 Rg4 32. c5 bxc5 33. Nc4 Kc8 34. bxc5 dxc5 35. Ne5 Bh4+
0-1

[Event "The Fifth Jerusalem Open"]
[Site "SchemingMind.com"]
[Date "2010.05.13"]
[Round "-"]
[White "miriskra"]
[Black "fervac"]
[Result "0-1"]
[WhiteCountry "WLS"]
[BlackCountry "NCA"]
[WhiteElo "1839"]
[WhiteRD "79"]
[BlackElo "1969"]
[BlackRD "86"]
[GameID "248426"]

1. d4 Nf6 2. c4 c5 3. Nf3 cxd4 4. Nxd4 d6 5. Nc3 g6 6. e4 Bg7 7. Be2 O-O 8. Be3 Nc6 9. O-O a6 10. f3 Bd7
11. Qd2 Rb8 12. Rfd1 Qa5 13. Nxc6 bxc6 14. a3 Rb3 15. Rdb1 Rfb8 16. Bd1 R3b7 17. b4 Qc7 18. Ra2 Be6 19. Be2 Nd7 20. Rab2 Ne5
21. c5 Nc4 22. Bxc4 Bxc4 23. Bd4 dxc5 24. Bxc5 a5 25. Rc1 Rd8 26. Qe1 Rd3 27. Rbb1 axb4 28. axb4 Qe5 29. Nd1 Be6 30. Nf2 Rdd7
31. Rd1 Qc3 32. Qxc3 Bxc3 33. Rxd7 Rxd7 34. Rd1 Rb7 35. Rd8+ Kg7 36. Nd3 Bc4 37. Nf4 Bxb4 38. Bd4+ f6 39. Nh3 e5 40. Be3 Be7
41. Rd1 Be6 42. Nf2 Rb3 43. Ba7 c5 44. Rc1 c4 45. Nd1 Ba3
0-1

[Event "The Fifth Jerusalem Open"]
[Site "SchemingMind.com"]
[Date "2010.05.13"]
[Round "-"]
[White "miriskra"]
[Black "emvarela"]
[Result "0-1"]
[WhiteCountry "WLS"]
[BlackCountry "ARG"]
[WhiteElo "1852"]
[WhiteRD "54"]
[BlackElo "1785"]
[BlackRD "53"]
[GameID "248428"]

1. b3 e5 2. Bb2 Nc6 3. g3 d5 4. Bg2 Nf6 5. c4 Be6 6. cxd5 Bxd5 7. Nf3 Bd6 8. Nc3 O-O 9. Nxd5 Nxd5 10. O-O f5
11. d3 Nf6 12. Nd2 Qd7 13. Nc4 Rae8 14. Nxd6 cxd6 15. Rc1 d5 16. Ba3 Rf7 17. Qc2 e4 18. dxe4 dxe4 19. Rfd1 Qe6 20. e3 Rd7
21. Bf1 Ne5 22. Rd4 Nf3+ 23. Kg2 Nxd4 24. exd4 Rxd4 25. Bc4 Nd5 26. Bb2 Rxc4 27. Qxc4 f4 28. Rd1 f3+ 29. Kh1 Rd8 30. Qd4 Rd7
31. Qxa7 Qh3 32. Qb8+ Kf7 33. Rg1 Nf6 34. Bxf6 gxf6 35. Qc8 Qe6 36. Qh8 Kg6 37. g4 Rd2 38. h4 Qe7 39. Qg8+ Kh6 40. g5+ fxg5
41. Qxg5+ Qxg5 42. hxg5+ Kg6 43. Re1 Kf5 44. Kg1 Rxa2 45. Re3 Re2 46. Rc3 Kxg5 47. Rc7 Re1+ 48. Kh2 Rf1 49. Rxb7 Rxf2+ 50. Kg1 Rb2
0-1

[Event "The Fifth Jerusalem Open"]
[Site "SchemingMind.com"]
[Date "2010.05.13"]
[Round "-"]
[White "reptile"]
[Black "miriskra"]
[Result "1/2-1/2"]
[WhiteCountry "ISR"]
[BlackCountry "WLS"]
[WhiteElo "2051"]
[WhiteRD "79"]
[BlackElo "1839"]
[BlackRD "79"]
[GameID "248429"]

1. e4 c6 2. d4 d5 3. exd5 cxd5 4. g3 Nc6 5. Bg2 g6 6. Nf3 Bg7 7. Be3 Nf6 8. O-O O-O 9. Nbd2 b6 10. Ne5 Bb7
11. Ndf3 Ne4 12. Re1 Rc8 13. Nxc6 Bxc6 14. Ne5 Nf6 15. c4 e6 16. Rc1 Ba8 17. c5 bxc5 18. Rxc5 Nd7 19. Nxd7 Qxd7 20. Qd2 Rfe8
21. Rec1 Bf8 22. Ra5 Rb8 23. a3 Be7 24. Bf4 Rbc8 25. h4 Rxc1+ 26. Qxc1 Rc8 27. Qd2 Bd8 28. Rc5 Bb6 29. b4 Bxc5 30. bxc5 f6=
1/2-1/2

[Event "The Fifth Jerusalem Open"]
[Site "SchemingMind.com"]
[Date "2010.05.12"]
[Round "-"]
[White "_keyes"]
[Black "miriskra"]
[Result "1-0"]
[WhiteCountry "ENG"]
[BlackCountry "WLS"]
[WhiteElo "1965"]
[WhiteRD "88"]
[BlackElo "1850"]
[BlackRD "81"]
[GameID "248431"]

1. d4 Nf6 2. c4 e6 3. Nc3 Bb4 4. e3 O-O 5. Bd3 d5 6. Nf3 c5 7. O-O Nc6 8. a3 cxd4 9. exd4 dxc4 10. Bxc4 Be7
11. h3 a6 12. Be3 b5 13. Bd3 Bb7 14. Qe2 Na5 15. Rad1 Nd5 16. Nxd5 Bxd5 17. Ne5 Rc8 18. Qh5 g6 19. Qg4 Bf6 20. Bh6 Bg7
21. Bxg7 Kxg7 22. h4 Nc4 23. Bxc4 Bxc4 24. Rfe1 h5 25. Qg3 Bd5 26. Rc1 Rxc1 27. Rxc1 Qa8 28. Nd7 Rc8 29. Rxc8 Qxc8 30. Qe5+ Kh6
31. Kh2 Qxd7 32. Qh8#
1-0